Statistiques concernant pays avec la superficie la plus proche pour chaque région Française

Cliquez ici pour prendre le quiz!

Statistiques générales

  • Ce quiz a été pris 40 fois
  • Le résultat moyen est 8 sur 18

Statistiques - réponses

régionsuperficie de la région (KM2)payssuperficie du pays (KM2)% Correct
Centre Val de Loire39 131Suisse41 290
62%
Nouvelle Aquitaine84 036Autriche83 870
59%
Guyane83 534Autriche83 870
59%
Hauts de France31 806Belgique30 528
59%
Pays de la Loire32 082Belgique30 528
59%
Provence Alpes Cote d'Azur31 400Belgique30 528
59%
La Réunion2504Luxembourg2 586
54%
Corse8 680Chypre9 250
49%
Auvergne Rhone Alpes69 711Géorgie69 700
43%
Normandie29 907Lesotho29 800
43%
Bretagne27 208Haiti27 750
41%
Ile de France12 011Vanuatu12 200
41%
Grand Est57 441Togo56 785
38%
Guadeloupe1 628Maurice2 040
35%
Bourgogne Franche comté47 784Bhoutan47 000
32%
Occitanie72 724Sierra Leone71 740
30%
Mayotte374Saint Vincent et les Grenadines389
27%
Martinique1 128Sao Tomé et principe1 001
27%

Distribution des résultats

Percentile par nombre de réponses

% des personnes avec chaque résultat

Votre développement - résultats

Vous n’avez pas pris ce quiz